| 000 | 00604nam a22002171c 4500 | ||
|---|---|---|---|
| 001 | 00165416025 | ||
| 008 | 051003s2002 gw a||| 000u rus d | ||
| 020 |
_a5217031123 _95-217-03112-3 |
||
| 041 | _arus | ||
| 100 | 1 | _aŠavrov, Vadim B. | |
| 245 | 0 | 0 |
_aIstorija konstrukcij samoletov v SSSR 1938-1950 gg. / _cV. B. Šavrov |
| 250 | _a5. izd., ispr. | ||
| 264 |
_aMoskva : _b"Mašinostroenie", _c2002 |
||
| 300 | _a703 S. : zahlr. Ill., graph. Darst | ||
| 650 | 0 | _aFlugzeugbau | |
| 650 | 0 | _aLuftfahrttechnik | |
| 651 | 0 | _aSowjetunion | |
| 942 | _cMG | ||
| 040 | _cRU-10907106 | ||
| 003 | RU-10907106 | ||
| 999 |
_c5141 _d5141 |
||